Rabieta Trebejos

Guardat en:
Dades bibliogràfiques
Autor principal: Monroy, Manuel (autor)
Format: Llibre
Idioma:espanyol
Publicat: Ciudad de México Fondo de Cultura Económica 1999
Edició:1a. ed
Col·lecció:A la Orilla del Viento
Matèries:
Etiquetes: Afegir etiqueta
Sense etiquetes, Sigues el primer a etiquetar aquest registre!

MARC

LEADER 00000nam a2200000 a 4500
001 UCG4910
003 CL-VaPUC
005 20250318113605.0
008 101216e19990000MX |||||||||||||||||spa|d
999 |c 343510  |d 343508 
020 |a 9789681660802 
040 |c Pontificia Universidad Católica de Valparaíso 
082 0 4 |a 808.0683  |b MON  |2 21 
100 |a Monroy, Manuel  |e autor  |9 554406 
245 1 0 |a Rabieta Trebejos 
250 |a 1a. ed 
260 |a Ciudad de México  |b Fondo de Cultura Económica  |c 1999 
300 |a 28 p 
490 0 |a A la Orilla del Viento 
583 |a last modification  |c 20101216 00:00:00  |k Rodrigo Vera 
650 0 |a Literatura infantil mexicana  |9 307465  |x Cuentos 
942 |c BK  |2 ddc 
945 |d 20101216 00:00:00  |a cmena 
952 |0 0  |1 0  |4 0  |6 808_068300000000000_MON_1999  |7 0  |8 A  |9 440850  |a BIBEDU  |b BIBEDU  |d 2019-11-22  |i 4743555  |l 2  |o 808.0683 MON 1999  |p 4743555  |r 2024-09-11  |s 2024-09-11  |w 2019-11-22  |y BK  |k EPE